Những năm bão táp (Cuộc chạy đua vào nhà trắng) : Hồi ký
Uloženo v:
| Hlavní autor: | |
|---|---|
| Médium: | Kniha |
| Jazyk: | Undetermined |
| Vydáno: |
Hà Nội
Công an nhân dân
2004
|
| Témata: | |
| Tagy: |
Přidat tag
Žádné tagy, Buďte první, kdo otaguje tento záznam!
|
| Thư viện lưu trữ: | Trung tâm Học liệu Trường Đại học Cần Thơ |
|---|
| LEADER | 00618nam a2200205Ia 4500 | ||
|---|---|---|---|
| 001 | CTU_93734 | ||
| 008 | 210402s9999 xx 000 0 und d | ||
| 020 | |c 105000 | ||
| 082 | |a 973 | ||
| 082 | |b K61/T.1 | ||
| 100 | |a Kissinger, Henry | ||
| 245 | 0 | |a Những năm bão táp (Cuộc chạy đua vào nhà trắng) : | |
| 245 | 0 | |b Hồi ký | |
| 245 | 0 | |c Henry Kissinger ; Lê Ngọc Tú dịch | |
| 260 | |a Hà Nội | ||
| 260 | |b Công an nhân dân | ||
| 260 | |c 2004 | ||
| 650 | |a Vietnamese war, 1960-1975 | ||
| 904 | |i Mai Loan | ||
| 980 | |a Trung tâm Học liệu Trường Đại học Cần Thơ | ||